UM Logo
Normal view MARC view
  • Business Administration

Entry Topical Term

Number of records used in: 1

001 - CONTROL NUMBER

  • control field: 36835

003 - CONTROL NUMBER IDENTIFIER

  • control field: OSt

005 - DATE AND TIME OF LATEST TRANSACTION

  • control field: 20190209151003.0

008 - FIXED-LENGTH DATA ELEMENTS

  • fixed length control field: 190209|| aca||aabn | a|a d

040 ## - CATALOGING SOURCE

  • Original cataloging agency: OSt
  • Transcribing agency: OSt

150 ## - HEADING--TOPICAL TERM

  • Topical term or geographic name entry element: Business Administration
  • Form subdivision: Marketing Manegment
  • General subdivision: Undergraduate thesis.

670 ## - SOURCE DATA FOUND

  • Source citation: Work cat.: (OSt): Pingos, Crisostomo Jr. A. 36834, Promotion mix strategies and sales performance of small and medium enterprises in Digos City /, November 2018.